JetPunk's Most Guessed Answers - Sudden Death #2 - Statistics

General Stats
  • This quiz has been taken 355 times
  • The average score is 13 of 24
Answers on the Grid
Answers color-coded by a green-red scale on the quiz's grid according to % correct below.
Papua New Guinea
United Arab Emirates
Colombia
Greece
Turkey
Egypt
Madagascar
Germany
Brazil
Liberia
Rwanda
San Marino
Tuvalu
Saint Kitts and Nevis
Florida
Georgia
West Virginia
Idaho
Nevada
Panama City
Riga
Cairo
Jerusalem
Prague
Athens
Dushanbe
Monrovia
Yamoussoukro
Naypyidaw
Roseau
Boron
Copper
Beryllium
Silver
Lanthanum
Erbium
 
Answer Stats
Answer % Correct
Brazil
80%
Germany
80%
Egypt
79%
Turkey
77%
Florida
75%
Greece
74%
Athens
71%
Cairo
63%
Colombia
62%
Silver
62%
Copper
60%
Georgia
58%
Jerusalem
58%
United Arab Emirates
58%
Nevada
57%
Prague
56%
Madagascar
55%
Idaho
41%
Panama City
40%
West Virginia
37%
Boron
28%
Papua New Guinea
26%
Beryllium
18%
Riga
18%
No matching quizzes found
Score Distribution
Percent of People with Each Score
Percentile by Number Answered
Your Score History
You have not taken this quiz